| 000 | 00568nam a2200229Ia 4500 | ||
|---|---|---|---|
| 003 | OSt | ||
| 005 | 20220924143403.0 | ||
| 006 | a|||||r|||| 00| 0 | ||
| 007 | ta | ||
| 008 | 220923b |||||||| |||| 00| 0 urd d | ||
| 024 | _a307973 | ||
| 037 | _cTextual | ||
| 040 |
_aARTS _cARTS _burd |
||
| 041 |
_2urd _aurd |
||
| 082 | _aLZ3, 168A70 | ||
| 100 |
_aSauzan Haseebuddin _9215610 |
||
| 245 | 0 | _aMufridat razzaqi | |
| 260 | _c1870 | ||
| 650 |
_aMEDICINE _94387 |
||
| 942 |
_hLZ3, 168A70 _cTEXL _2CC |
||
| 999 |
_c454272 _d454272 |
||